000 01336nam a22003617a 4500
999 _c21522
_d21522
003 AR-CdUCM
008 190220b ||||| |||| 00| 0 spa d
020 _a9786123172565
040 _aMUNICIPALIDAD PROVINCIAL DEL CUSCO
_cBIBLIOTECA MUNICIPAL DEL CUSCO
082 _a985.03/A52
_bA52
100 _aAmado Gonzales, Donato
_945219
245 _aEl estandarte real y la mascapaycha :
_bhistoria de una institución inca colonial /
_cDonato Amado Gonzales
260 _aLima.
_bPontificia Universidad Católica del Perú,
_c2017.
300 _a383 páginas. :
_bilustraciones, (algunas col.), planos, retratos ;
_c24 cm.
440 _aColección Estudios Andinos,
_n22.
_945220
500 _zBibliografía: p. [345]-383.
_aGlosario: p. [335]-343.
650 _aIncas
_9303
650 _aInkas
_91899
650 _aGenealogía
_9924
650 _aHistoria
_945221
650 _aNobleza
_917134
650 _aSiglos XVI-XVII
_944768
650 _aEstructura social
_92893
650 _aFiestas de moros y cristianos
_945222
650 _aÉpoca Colonial
_945223
650 _aVirreinato, 1555-1808
_95428
650 _aDocumentos
_97186
650 _aPerú
_945224
700 _aCuratola Petrocchi, Marco (director)
_945188
710 _aPontificia Universidad Católica del Perú
_9400
942 _2ddc
_cLIBROS
945 _aRoel